| 000 | 00476nam a2200169Ia 4500 | ||
|---|---|---|---|
| 003 | OSt | ||
| 005 | 20201116115238.0 | ||
| 008 | 190216s9999||||xx |||||||||||||| ||und|| | ||
| 040 | _coclc | ||
| 082 |
_a580 _bABR/A |
||
| 100 |
_aAbraham, P C _94902 |
||
| 245 | 0 |
_aAnatomy, Embryology & Microtechnique / _cP C Abraham |
|
| 260 |
_bSt Marys Press, _aChanganassery: _c2006. |
||
| 300 | _a418p | ||
| 650 | _aBotany | ||
| 942 |
_cBK _2ddc _h580 _iABR/A _k580 _mABR/A |
||
| 999 |
_c1710 _d1710 |
||